000 00834nam a2200277Ia 4500
003 OSt
005 20221005092623.0
006 a|||||r|||| 00| 0
007 ta
008 221004b |||||||| |||| 00| 0 eng d
020 _a9780815369219 (pbk)
_cUKP 38.99
024 _a43321
037 _bBBS/99, 05/03/2019, Better Book Service
_cTextual
040 _aCRL
_cCRL
_beng
041 _2eng
_aeng
082 _aO111:g(W), Q8
100 _aSchmidt Diane E. Au.
_9617598
245 0 _aWritings in political science
250 _a5th
260 _aNew York
_bRoutledge USA
_c2018
300 _axxvi,581p.
_ccm.
650 _a POLITICAL SCIENCE
650 _aENGLISH LITERATURE
942 _hO111:g(W), Q8
_cTEXL
_2cc
999 _c999119
_d999119